Statistiques concernant Planche du Monopoly français - carte quiz

Cliquez ici pour prendre le quiz!

Statistiques générales

  • Ce quiz a été pris 4,586 fois
  • Le résultat moyen est 14 sur 36

Statistiques - réponses

Answer % Correct
DÉPART
84%
Allez En Prison
69%
Rue de la Paix
59%
Simple Visite (En Prison)
58%
Parc Gratuit
57%
Avenue des Champs-Elysées
57%
Chance
55%
Taxe de Luxe
51%
Gare Saint-Lazare
45%
Compagnie des eaux
44%
Gare du Nord
44%
Impôts sur le Revenu
43%
Compagnie d'électricité
42%
Caisse de Communauté
39%
Gare de Lyon
39%
Avenue Henri-Martin
37%
Rue Lecourbe
37%
Gare Montparnasse
36%
Place Pigalle
34%
Boulevard de Belleville
34%
Avenue Foch
34%
Rue de Paradis
31%
Rue de Courcelles
31%
Avenue Mozart
30%
Avenue de la République
30%
Boulevard des Capucines
29%
Faubourg Saint-Honoré
28%
Avenue de Breteuil
27%
Rue de Vaugirard
27%
Boulevard Saint-Michel
26%
Rue la Fayette
26%
Place de la Bourse
25%
Avenue Matignon
25%
Boulevard de la Villette
25%
Boulevard Malesherbes
24%
Avenue de Neuilly
23%

Distribution des résultats

Percentile par nombre de réponses

% des personnes avec chaque résultat

Votre développement - résultats

Vous n’avez pas pris ce quiz